000 00570nam a22001937a 4500
003 OSt
005 20230112142626.0
008 230112b |||||||| |||| 00| 0 eng d
020 _a953 6240 08 4
040 _cBiblioteca Lado V
082 _a750
_bM235k
100 _9515
_aMakovik, Zvonko
_eautor
245 _aKnifer/
260 _aCroacia
_bLa Biennale de Venecia
_c2001
300 _a98p.
_c24x30cm
650 _2Tesauro de Arte & Arquitectura
_aCATALOGO
650 _2Tesauro de Arte & Arquitectura
_aARTE
942 _2ddc
_c1
_h750
_iM235k
_n0
999 _c2757
_d2757